Normal view
MARC view
- Nationalism
Entry Geographic Name
001 - CONTROL NUMBER
- control field: 33994
003 - CONTROL NUMBER IDENTIFIER
- control field: OSt
005 - DATE AND TIME OF LATEST TRANSACTION
- control field: 20131009135314.0
008 - FIXED-LENGTH DATA ELEMENTS
- fixed length control field: 131009|| aca||aabn | a|a d
040 ## - CATALOGING SOURCE
- Original cataloging agency: OSt
- Transcribing agency: OSt
151 ## - HEADING--GEOGRAPHIC NAME
- Geographic name: Nationalism
- Geographic subdivision: Egypt
- General subdivision: History
- Chronological subdivision: 19th century.
670 ## - SOURCE DATA FOUND
- Source citation: Work cat.: (OSt)0: Fahmy, Khaled. 33990, All the Pasha's men :, 2002, c1997